[Event "Orsha Open A 2018"]
[Site "Orsha"]
[Date "2018.01.30"]
[Round "2.1"]
[White "Kononenko, Dmitry"]
[Black "Kovalev, Vladislav"]
[Result "0-1"]
[WhiteElo "2260"]
[BlackElo "2639"]
[PlyCount "62"]
[EventDate "2018.01.29"]
[EventType "swiss"]
[EventRounds "9"]
[EventCountry "BLR"]

1. d4 Nf6 2. g3 c5 3. Nf3 cxd4 4. Nxd4 Qa5+ 5. Nc3 Ne4 6. Bd2 Nxd2 7. Qxd2 Nc6
8. Bg2 g6 9. Nb3 Qd8 10. Nd5 Bg7 11. c4 O-O 12. O-O d6 13. Rfd1 Bd7 14. c5 e6
15. Nb4 d5 16. e4 a5 17. Nc2 Bxb2 18. Rab1 Bg7 19. exd5 exd5 20. Bxd5 Bf5 21.
Nba1 Qe7 22. Re1 Qxc5 23. Be4 Ne5 24. Qe2 Bg4 25. Nb3 Qc7 26. Qe3 Rae8 27. Nbd4
Bc8 28. Qf4 Qc4 29. Red1 Nc6 30. Ne3 Nxd4 31. Nxc4 Ne2+ 0-1

[Event "Orsha Open A 2018"]
[Site "Orsha"]
[Date "2018.01.30"]
[Round "2.2"]
[White "Zhigalko, Sergei"]
[Black "Mishin, Alexei"]
[Result "1-0"]
[WhiteElo "2620"]
[BlackElo "2268"]
[PlyCount "77"]
[EventDate "2018.01.29"]
[EventType "swiss"]
[EventRounds "9"]
[EventCountry "BLR"]

1. e4 c5 2. Nf3 Nc6 3. Bb5 g6 4. Bxc6 dxc6 5. d3 Bg7 6. h3 e5 7. a4 c4 8. dxc4
Qxd1+ 9. Kxd1 f5 10. Nc3 Be6 11. b3 Nf6 12. Be3 f4 13. Bc5 Nd7 14. Ba3 Bf6 15.
a5 g5 16. Ne1 O-O-O 17. Nd3 g4 18. hxg4 Bxg4+ 19. f3 Be6 20. Ke2 h5 21. Na4 b6
22. axb6 axb6 23. c5 b5 24. Nb6+ Kb7 25. Bb2 Rhg8 26. Rag1 Rg5 27. Nxd7 Rxd7
28. Rh2 Bg7 29. Bc3 Rd8 30. Rd1 Rg8 31. Kf1 Bh8 32. Be1 Ra8 33. Nb4 Bg7 34. Rd6
Rg6 35. Rxh5 Rc8 36. Bc3 Rg8 37. Rh7 Rh8 38. Rxh8 Bxh8 39. Nxc6 1-0

[Event "Orsha Open A 2018"]
[Site "Orsha"]
[Date "2018.01.30"]
[Round "2.3"]
[White "Andrejevs, Arvids"]
[Black "Aleksandrov, Aleksej"]
[Result "0-1"]
[WhiteElo "2256"]
[BlackElo "2589"]
[PlyCount "116"]
[EventDate "2018.01.29"]
[EventType "swiss"]
[EventRounds "9"]
[EventCountry "BLR"]

1. e4 e5 2. Nf3 Nc6 3. Nc3 Nf6 4. Bb5 Nd4 5. Nxd4 exd4 6. e5 dxc3 7. exf6 Qxf6
8. dxc3 Be7 9. O-O O-O 10. Qd4 d6 11. Re1 Bf5 12. Bd3 Qxd4 13. cxd4 Bxd3 14.
Rxe7 Rfe8 15. Rxe8+ Rxe8 16. Be3 Bf5 17. Rc1 f6 18. Kf1 b5 19. Ke2 Be6 20. Kd2
Kf7 21. Ra1 a5 22. c3 a4 23. a3 Bd5 24. f3 g5 25. Rf1 h5 26. g3 h4 27. gxh4
gxh4 28. f4 h3 29. Rg1 Be4 30. Rg3 Rh8 31. Bf2 Ke6 32. Re3 Kd5 33. Kc1 c6 34.
Kd2 Bf5 35. Kc1 Kc4 36. Kd2 Kb3 37. Kc1 Ka2 38. Rg3 Rc8 39. Re3 Rh8 40. Rg3 Rh4
41. Be3 Kb3 42. Rg1 Be4 43. Rg3 Bg2 44. Kb1 Rh5 45. Bf2 Be4+ 46. Kc1 Rh7 47.
Re3 Bf5 48. Rg3 Rc7 49. Re3 Kc4 50. Kd2 Rc8 51. Rg3 c5 52. dxc5 dxc5 53. Kc1
Rc7 54. Rg1 b4 55. cxb4 cxb4 56. Rg3 Kb5+ 57. Kd1 b3 58. Bd4 Rd7 0-1

[Event "Orsha Open A 2018"]
[Site "Orsha"]
[Date "2018.01.30"]
[Round "2.4"]
[White "Stupak, Kirill"]
[Black "Suleymanyants, Odisey"]
[Result "1-0"]
[WhiteElo "2565"]
[BlackElo "2256"]
[PlyCount "113"]
[EventDate "2018.01.29"]
[EventType "swiss"]
[EventRounds "9"]
[EventCountry "BLR"]

1. d4 Nf6 2. c4 d6 3. Nc3 e5 4. Nf3 exd4 5. Nxd4 g6 6. g3 Bg7 7. Bg2 O-O 8. O-O
Nbd7 9. e4 Re8 10. h3 Nc5 11. Re1 c6 12. Bf4 Ne6 13. Be3 a5 14. Qd2 Nc5 15. f3
Nfd7 16. Bf1 a4 17. Rab1 Qa5 18. Bf2 Ne6 19. f4 Nec5 20. b4 axb3 21. axb3 Qb4
22. e5 dxe5 23. Nc2 Nxb3 24. Qe3 Qc5 25. Rxb3 Qxe3 26. Bxe3 exf4 27. gxf4 Ra5
28. Kg2 Nc5 29. Bxc5 Rxe1 30. Nxe1 Rxc5 31. Ne4 Ra5 32. Nf3 b5 33. Rd3 Bf5 34.
Rd8+ Bf8 35. Nd6 b4 36. Nxf5 Rxf5 37. Kg3 Kg7 38. Bd3 Rf6 39. Ne5 Bd6 40. h4 h6
41. Kg4 Re6 42. Rc8 h5+ 43. Kf3 c5 44. Nd7 b3 45. f5 Re1 46. f6+ Kh7 47. Nf8+
Bxf8 48. Rxf8 b2 49. Rxf7+ Kg8 50. Rb7 Re6 51. Rxb2 Rxf6+ 52. Ke4 Rd6 53. Ke3
Kg7 54. Rg2 Kf7 55. Rg5 Rd4 56. Be4 Ke7 57. Rxc5 1-0

[Event "Orsha Open A 2018"]
[Site "Orsha"]
[Date "2018.01.30"]
[Round "2.5"]
[White "Mukhin, Pavel"]
[Black "Malakhatko, Vadim"]
[Result "0-1"]
[WhiteElo "2159"]
[BlackElo "2541"]
[PlyCount "66"]
[EventDate "2018.01.29"]
[EventType "swiss"]
[EventRounds "9"]
[EventCountry "BLR"]

1. c4 e5 2. Nc3 Nc6 3. Nf3 g6 4. g3 Bg7 5. Bg2 Nge7 6. O-O O-O 7. d3 d6 8. Rb1
a5 9. a3 Nd4 10. e3 Nxf3+ 11. Bxf3 c6 12. b4 axb4 13. axb4 d5 14. cxd5 cxd5 15.
e4 Be6 16. Bg5 f6 17. Bd2 d4 18. Na4 b6 19. Ra1 Qd6 20. b5 Ra7 21. Qb1 Rfa8 22.
Bd1 Bh3 23. Re1 h5 24. Bb3+ Kh7 25. Ra2 f5 26. f4 fxe4 27. Rxe4 Nd5 28. fxe5
Bxe5 29. Bxd5 Qxd5 30. Nxb6 Qxa2 31. Qxa2 Rxa2 32. Nxa8 Rxd2 33. Rxe5 Rg2+ 0-1

[Event "Orsha Open A 2018"]
[Site "Orsha"]
[Date "2018.01.30"]
[Round "2.6"]
[White "Moskalenko, Alexander"]
[Black "Petrov, Dmitri"]
[Result "1-0"]
[WhiteElo "2522"]
[BlackElo "2222"]
[PlyCount "67"]
[EventDate "2018.01.29"]
[EventType "swiss"]
[EventRounds "9"]
[EventCountry "BLR"]

1. e4 d5 2. exd5 Qxd5 3. Nc3 Qd8 4. d4 Nf6 5. Nf3 Bg4 6. h3 Bxf3 7. Qxf3 c6 8.
Be3 e6 9. Bd3 Nbd7 10. O-O-O Bb4 11. Ne2 Qa5 12. Kb1 O-O-O 13. g4 h6 14. h4 Qd5
15. Qg3 Bd6 16. Nf4 Bxf4 17. Qxf4 g5 18. Qg3 Nb6 19. b3 Ne4 20. Bxe4 Qxe4 21.
hxg5 Nd5 22. Bc1 hxg5 23. Rhe1 Qg6 24. Re5 Rdg8 25. Kb2 Qf6 26. Re4 Rh4 27. c4
Nc7 28. Re5 Qh6 29. Ra5 a6 30. Be3 f6 31. d5 Rd8 32. Bb6 Rd7 33. dxc6 Rf7 34.
Rd8+ 1-0

[Event "Orsha Open A 2018"]
[Site "Orsha"]
[Date "2018.01.30"]
[Round "2.7"]
[White "Gabdrakipov, Ilshat"]
[Black "Sviridov, Valery"]
[Result "1/2-1/2"]
[WhiteElo "2125"]
[BlackElo "2515"]
[PlyCount "100"]
[EventDate "2018.01.29"]
[EventType "swiss"]
[EventRounds "9"]
[EventCountry "BLR"]

1. e4 g6 2. Nc3 Bg7 3. d4 a6 4. Be3 b5 5. Qd2 Bb7 6. f3 d6 7. Nge2 Nd7 8. d5 c6
9. dxc6 Bxc6 10. Nd4 Bb7 11. a4 bxa4 12. Rxa4 Ngf6 13. Be2 O-O 14. O-O d5 15.
Rb4 Qc7 16. exd5 Nxd5 17. Nxd5 Bxd5 18. Nf5 gxf5 19. Qxd5 e6 20. Qc4 Qxc4 21.
Bxc4 a5 22. Rb7 Ne5 23. Bb5 Rfc8 24. c3 a4 25. Ra1 Nc4 26. Bxc4 Rxc4 27. Kf2
Be5 28. h3 f4 29. Bd2 a3 30. Ra2 Rd8 31. bxa3 Bxc3 32. Bxc3 Rxc3 33. Rb4 Rdd3
34. a4 e5 35. a5 Ra3 36. Ra4 Rd2+ 37. Rxd2 Rxa4 38. Rd5 Ra2+ 39. Kf1 f6 40. Rd6
Kf7 41. Ra6 f5 42. Ra8 e4 43. fxe4 fxe4 44. a6 e3 45. a7 Kg7 46. Ke1 h5 47. Kf1
Rf2+ 48. Ke1 Ra2 49. Kf1 Rf2+ 50. Ke1 Ra2 1/2-1/2

[Event "Orsha Open A 2018"]
[Site "Orsha"]
[Date "2018.01.30"]
[Round "2.8"]
[White "Grishchenko, Sergey"]
[Black "Cherepov, Alexej"]
[Result "1-0"]
[WhiteElo "2469"]
[BlackElo "2156"]
[PlyCount "65"]
[EventDate "2018.01.29"]
[EventType "swiss"]
[EventRounds "9"]
[EventCountry "BLR"]

1. d4 d5 2. c4 dxc4 3. Nf3 c6 4. e4 b5 5. Be2 e6 6. O-O Nf6 7. e5 Nd5 8. Nc3
Be7 9. Ne4 Nd7 10. b3 cxb3 11. Qxb3 O-O 12. Qc2 Nb4 13. Qb1 h6 14. Bd2 a5 15.
Qc1 Bb7 16. a3 Nd5 17. Bxh6 b4 18. Bg5 Bxg5 19. Nfxg5 Qb6 20. Qd1 g6 21. Rb1 c5
22. Qd3 Kg7 23. Qh3 Rh8 24. Qf3 Raf8 25. dxc5 Nxc5 26. Nxc5 Qxc5 27. Qxf7+ Rxf7
28. Nxe6+ Kg8 29. Nxc5 Nc3 30. Bc4 Nxb1 31. Rxb1 Bc6 32. axb4 axb4 33. Rxb4 1-0

[Event "Orsha Open A 2018"]
[Site "Orsha"]
[Date "2018.01.30"]
[Round "3.1"]
[White "Kovalev, Vladislav"]
[Black "Grishchenko, Sergey"]
[Result "1-0"]
[WhiteElo "2639"]
[BlackElo "2469"]
[PlyCount "53"]
[EventDate "2018.01.29"]
[EventType "swiss"]
[EventRounds "9"]
[EventCountry "BLR"]

1. e4 c6 2. Nf3 d5 3. Nc3 dxe4 4. Nxe4 Nf6 5. Qe2 Nxe4 6. Qxe4 Qd5 7. Qh4 Bf5
8. Bc4 Qd6 9. d3 Nd7 10. O-O b5 11. Bb3 Nc5 12. Bf4 Qf6 13. Qxf6 gxf6 14. Be3
e5 15. Nd2 a5 16. a4 Rg8 17. f4 Bh3 18. Rf2 Nxb3 19. Nxb3 Bd6 20. f5 Bg4 21.
Kh1 Bh5 22. Nd2 bxa4 23. Rxa4 Rb8 24. b3 Bb4 25. Ne4 Ke7 26. h3 Rg7 27. g4 1-0

[Event "Orsha Open A 2018"]
[Site "Orsha"]
[Date "2018.01.30"]
[Round "3.2"]
[White "Shvyrjov, Igor"]
[Black "Zhigalko, Sergei"]
[Result "1/2-1/2"]
[WhiteElo "2389"]
[BlackElo "2620"]
[PlyCount "151"]
[EventDate "2018.01.29"]
[EventType "swiss"]
[EventRounds "9"]
[EventCountry "BLR"]

1. d4 Nf6 2. Nf3 e6 3. Bf4 d5 4. e3 Bd6 5. Bg3 O-O 6. Nbd2 b6 7. Bd3 Bb7 8. Ne5
c5 9. c3 Nc6 10. f4 Ne7 11. O-O Ne4 12. Qc2 Nf5 13. Rae1 Nxd2 14. Qxd2 Be7 15.
Qc2 g6 16. Bf2 Nd6 17. g4 Qc8 18. Nf3 Ba6 19. Bh4 Bxh4 20. Nxh4 Qb7 21. Nf3
Rac8 22. Ne5 Bxd3 23. Nxd3 Rc7 24. h4 Ne4 25. Rf3 b5 26. dxc5 Nxc5 27. Nxc5
Rxc5 28. e4 b4 29. Qf2 Rfc8 30. exd5 bxc3 31. dxe6 fxe6 32. Rxc3 Rxc3 33. bxc3
Rxc3 34. Rxe6 Qd7 35. Qe2 Kf7 36. Re4 Qc6 37. Re7+ Kf8 38. Re6 Qc5+ 39. Kg2 Kf7
40. g5 Qd5+ 41. Re4 Rd3 42. Kf2 Qc5+ 43. Re3 Rc3 44. Kf3 Qd5+ 45. Kf2 Qd4 46.
Kf3 Qd5+ 47. Kf2 Rc7 48. Qb2 Qd6 49. Qb3+ Kg7 50. Qb2+ Kf7 51. Qe5 Rc2+ 52. Re2
Qxe5 53. fxe5 Rc4 54. e6+ Ke7 55. Kg3 Ra4 56. Kh3 a6 57. Kg3 a5 58. Kh3 Rd4 59.
Re5 Ra4 60. Re2 Rd4 61. Re5 a4 62. Ra5 Kxe6 63. Kg3 Rd3+ 64. Kf4 Ra3 65. Ra7
Rxa2 66. Rxh7 Rf2+ 67. Ke4 Rh2 68. Rh6 Kf7 69. Rh7+ Ke6 70. Rh6 Kf7 71. Rh7+
Kg8 72. Ra7 Rxh4+ 73. Ke5 Rb4 74. Ra6 Kf7 75. Ra7+ Kg8 76. Ra6 1/2-1/2

[Event "Orsha Open A 2018"]
[Site "Orsha"]
[Date "2018.01.30"]
[Round "3.3"]
[White "Aleksandrov, Aleksej"]
[Black "Meribanov, Vitaly"]
[Result "1-0"]
[WhiteElo "2589"]
[BlackElo "2396"]
[PlyCount "67"]
[EventDate "2018.01.29"]
[EventType "swiss"]
[EventRounds "9"]
[EventCountry "BLR"]

1. d4 Nf6 2. c4 e6 3. Nc3 Bb4 4. e3 O-O 5. Bd3 d5 6. cxd5 exd5 7. Nge2 c5 8. a3
cxd4 9. axb4 dxc3 10. Nxc3 Nc6 11. b5 Ne5 12. Be2 Bg4 13. f3 Bf5 14. Qd4 Re8
15. O-O b6 16. b3 Ned7 17. Nxd5 Nxd5 18. Qxd5 Qf6 19. Ra3 Nc5 20. b4 Be6 21.
Qd1 Rad8 22. Qc2 Bf5 23. e4 Ne6 24. Bd3 Qd4+ 25. Qf2 Bg6 26. Qxd4 Rxd4 27. Bb2
Rd7 28. Rfa1 Rc8 29. Bf1 Rc2 30. Be5 f6 31. Bg3 Nd4 32. Rd3 f5 33. Rad1 fxe4
34. fxe4 1-0

[Event "Orsha Open A 2018"]
[Site "Orsha"]
[Date "2018.01.30"]
[Round "3.4"]
[White "Harshkou, Mikita"]
[Black "Stupak, Kirill"]
[Result "1-0"]
[WhiteElo "2359"]
[BlackElo "2565"]
[PlyCount "89"]
[EventDate "2018.01.29"]
[EventType "swiss"]
[EventRounds "9"]
[EventCountry "BLR"]

1. d4 g6 2. e4 Bg7 3. c3 d6 4. Be3 Nd7 5. Nf3 c6 6. Bc4 e6 7. a4 Ngf6 8. Nbd2
O-O 9. h3 b6 10. O-O Bb7 11. Bf4 d5 12. exd5 Nxd5 13. Bxd5 cxd5 14. Qe2 Re8 15.
Rfe1 f6 16. c4 Bf8 17. cxd5 Bxd5 18. Ne4 Nb8 19. Bc7 Qe7 20. Bd6 Qg7 21. b4 Nc6
22. b5 Na5 23. Nfd2 Rad8 24. Bxf8 Qxf8 25. Qe3 Kg7 26. Rac1 Rd7 27. Rc3 h6 28.
Rec1 Qb4 29. Rc7 Rde7 30. Rb1 Qxb1+ 31. Nxb1 Rxc7 32. Nxf6 Ree7 33. Ne8+ Kh7
34. Nf6+ Kg7 35. Ne8+ Kh7 36. Nxc7 Rxc7 37. Nc3 Nc4 38. Qf4 Rd7 39. Ne4 Bxe4
40. Qxe4 Re7 41. d5 Nd6 42. Qe5 Nf5 43. dxe6 Ng7 44. Qd6 Nf5 45. Qd7 1-0

[Event "Orsha Open A 2018"]
[Site "Orsha"]
[Date "2018.01.30"]
[Round "3.8"]
[White "Badelka, Olga"]
[Black "Sarbay, Aleksandr"]
[Result "1/2-1/2"]
[WhiteElo "2399"]
[BlackElo "2155"]
[PlyCount "53"]
[EventDate "2018.01.29"]
[EventType "swiss"]
[EventRounds "9"]
[EventCountry "BLR"]

1. c4 e5 2. g3 Nf6 3. Bg2 Nc6 4. Nc3 Bb4 5. Nd5 Bc5 6. e3 O-O 7. Ne2 Nxd5 8.
cxd5 Ne7 9. O-O d6 10. d4 Bb6 11. a4 c6 12. dxc6 Nxc6 13. d5 Ne7 14. Bd2 a6 15.
a5 Ba7 16. Qb3 b5 17. Rfd1 f5 18. f4 Ng6 19. fxe5 Nxe5 20. Nf4 Qe7 21. Ne6 Bxe6
22. dxe6 Rac8 23. Be1 Ng4 24. Rd3 Ne5 25. Rdd1 Ng4 26. Rd3 Ne5 27. Rdd1 1/2-1/2

[Event "Orsha Open A 2018"]
[Site "Orsha"]
[Date "2018.01.31"]
[Round "4.1"]
[White "Moskalenko, Alexander"]
[Black "Kovalev, Vladislav"]
[Result "0-1"]
[WhiteElo "2522"]
[BlackElo "2639"]
[PlyCount "144"]
[EventDate "2018.01.29"]
[EventType "swiss"]
[EventRounds "9"]
[EventCountry "BLR"]

1. Nf3 Nf6 2. g3 g6 3. Bg2 Bg7 4. O-O c5 5. c3 O-O 6. d4 Na6 7. dxc5 Nxc5 8.
Be3 d6 9. Qc1 Re8 10. Bxc5 dxc5 11. Na3 Qc7 12. Nd2 Rb8 13. Nb5 Qb6 14. a4 Be6
15. Qc2 Red8 16. Na3 Nd7 17. Ndc4 Qa6 18. Ne3 Bh6 19. Nd5 Bxd5 20. Bxd5 Nb6 21.
Bf3 Qxa4 22. Qxa4 Nxa4 23. Nb5 Nxb2 24. Rxa7 Rd7 25. Rfa1 Bf8 26. Ra8 Rxa8 27.
Rxa8 b6 28. e3 Rd2 29. Ra2 h5 30. Na3 Nc4 31. Rxd2 Nxd2 32. Be2 Bg7 33. c4 Kf8
34. Nb5 e6 35. f4 Ke7 36. Kf2 Ne4+ 37. Kf3 f5 38. Bd3 g5 39. fxg5 Nxg5+ 40. Kg2
Nf7 41. Be2 Ne5 42. h3 Bf6 43. Na3 h4 44. gxh4 Bxh4 45. Nb5 Kd7 46. Nc3 Kc6 47.
Bf3+ Kd7 48. Be2 Kc8 49. Nb5 Kb7 50. Bf1 Be1 51. Be2 Ng6 52. Bf3+ Ka6 53. Nc7+
Ka5 54. Kf1 Ne5 55. Be2 Bd2 56. Nxe6 Bxe3 57. Nc7 Bg5 58. Nd5 Bd8 59. Kg2 Ka4
60. h4 Bxh4 61. Nxb6+ Kb3 62. Nc8 Kc3 63. Nd6 f4 64. Bh5 Kd3 65. Nf7 Nxc4 66.
Kf3 Bg3 67. Ng5 Ne5+ 68. Kg2 c4 69. Kf1 c3 70. Be2+ Ke3 71. Bd1 f3 72. Ba4 Nc4
0-1

[Event "Orsha Open A 2018"]
[Site "Orsha"]
[Date "2018.01.31"]
[Round "4.2"]
[White "Harshkou, Mikita"]
[Black "Aleksandrov, Aleksej"]
[Result "0-1"]
[WhiteElo "2359"]
[BlackElo "2589"]
[PlyCount "80"]
[EventDate "2018.01.29"]
[EventType "swiss"]
[EventRounds "9"]
[EventCountry "BLR"]

1. d4 Nf6 2. c4 e6 3. Nc3 Bb4 4. Nf3 d5 5. Bg5 dxc4 6. e3 b5 7. a4 c6 8. Qc2
Bb7 9. Be2 Nbd7 10. O-O a6 11. Ne5 O-O 12. Nxd7 Qxd7 13. Bxf6 gxf6 14. b3 cxb3
15. Qxb3 Qe7 16. Rab1 a5 17. axb5 cxb5 18. Bxb5 f5 19. Rfc1 Rab8 20. d5 Rfc8
21. dxe6 Qxe6 22. Qxe6 fxe6 23. Ne2 Rxc1+ 24. Rxc1 Bxg2 25. Bd7 Bd5 26. Nf4 Bb3
27. Nxe6 Bd5 28. Nd4 Bd2 29. Rd1 f4 30. Bc6 Bxc6 31. Nxc6 fxe3 32. fxe3 Bxe3+
33. Kf1 Ra8 34. Ke2 Bf4 35. Rg1+ Kh8 36. h3 a4 37. Ra1 Kg7 38. Nd4 Be5 39. Rg1+
Kf7 40. Nc6 Bf6 0-1

[Event "Orsha Open A 2018"]
[Site "Orsha"]
[Date "2018.01.31"]
[Round "4.3"]
[White "Zhigalko, Sergei"]
[Black "Filipets, Egor"]
[Result "1-0"]
[WhiteElo "2620"]
[BlackElo "2366"]
[PlyCount "113"]
[EventDate "2018.01.29"]
[EventType "swiss"]
[EventRounds "9"]
[EventCountry "BLR"]

1. e4 d6 2. d4 Nf6 3. Nc3 g6 4. Nf3 Bg7 5. h3 O-O 6. Be3 c6 7. a4 d5 8. e5 Ne4
9. Nxe4 dxe4 10. Ng5 c5 11. dxc5 Qc7 12. c3 Nc6 13. Nxe4 Qxe5 14. Nd2 Rd8 15.
Be2 f5 16. Qb3+ Kh8 17. Nf3 Qf6 18. Rd1 Rxd1+ 19. Qxd1 h6 20. O-O g5 21. Bb5 e5
22. Qd6 f4 23. Qxf6 Bxf6 24. Bc1 e4 25. Nd2 Bf5 26. Re1 Rd8 27. Kf1 Rd5 28.
Nxe4 Bxe4 29. Rxe4 Rxc5 30. Bxc6 Rxc6 31. Ke2 Kg7 32. g3 fxg3 33. fxg3 h5 34.
g4 h4 35. Be3 b6 36. Rb4 Kg6 37. Rb5 Bd8 38. Rd5 Be7 39. Rd7 Re6 40. Kd3 Bd6
41. Rxa7 Bf4 42. Bf2 Bg3 43. Be3 Bf4 44. Bd4 Re1 45. Rg7+ Kh6 46. Rb7 Rh1 47.
Rxb6+ Kh7 48. Rb7+ Kg6 49. a5 Rxh3+ 50. Kc4 Rh1 51. a6 Ra1 52. a7 h3 53. Rg7+
Kh6 54. Rg8 Ra4+ 55. Kb3 Rxa7 56. Bxa7 Kh7 57. Rd8 1-0

[Event "Orsha Open A 2018"]
[Site "Orsha"]
[Date "2018.01.31"]
[Round "4.4"]
[White "Zarubitski, Viachaslau"]
[Black "Malakhatko, Vadim"]
[Result "1/2-1/2"]
[WhiteElo "2353"]
[BlackElo "2541"]
[PlyCount "60"]
[EventDate "2018.01.29"]
[EventType "swiss"]
[EventRounds "9"]
[EventCountry "BLR"]

1. e4 c5 2. Nf3 e6 3. d4 cxd4 4. Nxd4 Nc6 5. Nb5 d6 6. c4 Nf6 7. N1c3 a6 8. Nd4
Qa5 9. Nxc6 bxc6 10. Bd3 e5 11. O-O Be7 12. Qa4 Qxa4 13. Nxa4 Rb8 14. b3 c5 15.
Nc3 Bd8 16. Bb2 Nd7 17. Rad1 Nb6 18. Be2 Be7 19. Nd5 Nxd5 20. cxd5 f6 21. Bc3
Bd8 22. Rb1 a5 23. a3 Bd7 24. b4 cxb4 25. axb4 a4 26. b5 Ke7 27. Ra1 Ra8 28.
Ra3 Bb6 29. Rfa1 Rhc8 30. Kf1 Rxc3 1/2-1/2

[Event "Orsha Open A 2018"]
[Site "Orsha"]
[Date "2018.01.31"]
[Round "4.5"]
[White "Apryshko, Gleb"]
[Black "Shvyrjov, Igor"]
[Result "1-0"]
[WhiteElo "2316"]
[BlackElo "2389"]
[PlyCount "87"]
[EventDate "2018.01.29"]
[EventType "swiss"]
[EventRounds "9"]
[EventCountry "BLR"]

1. e4 d5 2. exd5 Qxd5 3. Nc3 Qd8 4. d4 Nf6 5. Bg5 c6 6. Bc4 Bf5 7. Nf3 e6 8.
O-O Nbd7 9. Ne5 Nxe5 10. dxe5 Qxd1 11. Raxd1 Nd7 12. Nb5 Be7 13. Nc7+ Kd8 14.
Bxe7+ Kxe7 15. Nxa8 Nxe5 16. Be2 Rxa8 17. Rd2 g5 18. f4 gxf4 19. Rxf4 a5 20.
Kf2 b5 21. a3 Rb8 22. g4 Bg6 23. h4 h6 24. c4 b4 25. h5 bxa3 26. bxa3 Bb1 27.
c5 Rb3 28. Ra4 Kf6 29. Rxa5 Rc3 30. Ra8 Kg5 31. Rd4 f5 32. gxf5 Bxf5 33. a4
Rxc5 34. a5 Rc2 35. a6 Ra2 36. a7 c5 37. Rd2 Rxd2 38. Rg8+ Kf4 39. a8=Q Nd3+
40. Kf1 Bh3+ 41. Rg2 Bxg2+ 42. Qxg2 Ne5 43. Qf2+ Ke4 44. Qxc5 1-0

[Event "Orsha Open A 2018"]
[Site "Orsha"]
[Date "2018.01.31"]
[Round "4.6"]
[White "Tihonov, Jurij"]
[Black "Egorenkov, Igor"]
[Result "1/2-1/2"]
[WhiteElo "2371"]
[BlackElo "2208"]
[PlyCount "88"]
[EventDate "2018.01.29"]
[EventType "swiss"]
[EventRounds "9"]
[EventCountry "BLR"]

1. d4 Nf6 2. Nf3 d6 3. c4 Nbd7 4. Nc3 e5 5. Bg5 Be7 6. e3 c6 7. Qc2 O-O 8.
O-O-O Ng4 9. h3 Bxg5 10. hxg4 g6 11. Ne4 Be7 12. dxe5 dxe5 13. Nxe5 Qc7 14.
Nxd7 Bxd7 15. Be2 f5 16. gxf5 Bxf5 17. g4 Bxe4 18. Qxe4 Bf6 19. Qe6+ Qf7 20.
Qxf7+ Rxf7 21. f4 Re7 22. g5 Bg7 23. Rh3 Rae8 24. Rd3 Bf8 25. Kd2 Rf7 26. a3 a5
27. Bf1 Bc5 28. Bg2 Kg7 29. Rh4 Ree7 30. Ke2 Rd7 31. Be4 Rde7 32. Bf3 Rd7 33.
Rxd7 Rxd7 34. Be4 Rd6 35. Bd3 a4 36. Rh3 Re6 37. f5 Re5 38. f6+ Kg8 39. f7+ Kg7
40. Bc2 Rxg5 41. Rf3 b5 42. cxb5 cxb5 43. b3 Bxa3 44. bxa4 bxa4 1/2-1/2

[Event "Orsha Open A 2018"]
[Site "Orsha"]
[Date "2018.01.31"]
[Round "4.7"]
[White "Yezhel, Valiantsin"]
[Black "Badelka, Olga"]
[Result "1/2-1/2"]
[WhiteElo "2199"]
[BlackElo "2399"]
[PlyCount "55"]
[EventDate "2018.01.29"]
[EventType "swiss"]
[EventRounds "9"]
[EventCountry "BLR"]

1. d4 d5 2. Nf3 Nf6 3. g3 Bf5 4. Bg2 e6 5. O-O h6 6. c4 c6 7. Nc3 Be7 8. Nd2
O-O 9. e4 dxe4 10. Ndxe4 Nbd7 11. Be3 Nxe4 12. Nxe4 Nf6 13. Nc3 Qc7 14. h3 Rad8
15. Qe2 Rfe8 16. Rfd1 Bb4 17. Rac1 Qc8 18. a3 Bxc3 19. Rxc3 e5 20. dxe5 Rxe5
21. Rxd8+ Qxd8 22. Rc1 Qc8 23. Kh2 Be4 24. Rd1 Bxg2 25. Kxg2 Re8 26. Qd3 a6 27.
a4 Qe6 28. b3 1/2-1/2

[Event "Orsha Open A 2018"]
[Site "Orsha"]
[Date "2018.01.31"]
[Round "4.8"]
[White "Stupak, Kirill"]
[Black "Petrov, Dmitri"]
[Result "0-1"]
[WhiteElo "2565"]
[BlackElo "2222"]
[PlyCount "64"]
[EventDate "2018.01.29"]
[EventType "swiss"]
[EventRounds "9"]
[EventCountry "BLR"]

1. d4 d5 2. Nf3 Nc6 3. c4 Bg4 4. Nc3 e6 5. e3 Nf6 6. Be2 Be7 7. O-O O-O 8. b3
Bb4 9. Bb2 Ne7 10. Ne5 Bxc3 11. Bxc3 Bxe2 12. Qxe2 Ng6 13. Nd3 Ne4 14. Bb2 f5
15. f3 Ng5 16. Rac1 Qe7 17. b4 c6 18. a4 Nf7 19. b5 e5 20. cxd5 cxd5 21. Rc5
Rfd8 22. Rfc1 e4 23. fxe4 fxe4 24. Nb4 Qg5 25. Qf2 b6 26. R5c3 Nd6 27. Qg3 Qh5
28. Ba1 Nf5 29. Qh3 Qg5 30. Bb2 Nxd4 31. Kf2 Rf8+ 32. Ke1 Qf6 0-1

[Event "Orsha Open A 2018"]
[Site "Orsha"]
[Date "2018.01.31"]
[Round "5.1"]
[White "Kovalev, Vladislav"]
[Black "Aleksandrov, Aleksej"]
[Result "1/2-1/2"]
[WhiteElo "2639"]
[BlackElo "2589"]
[PlyCount "29"]
[EventDate "2018.01.29"]
[EventType "swiss"]
[EventRounds "9"]
[EventCountry "BLR"]

1. e4 e5 2. Nf3 Nc6 3. Bb5 Nf6 4. O-O Nxe4 5. Re1 Nd6 6. Nxe5 Be7 7. Bf1 Nxe5
8. Rxe5 O-O 9. d4 Bf6 10. Re1 Re8 11. Rxe8+ Nxe8 12. c3 d5 13. Bf4 c6 14. Nd2
Nd6 15. Bd3 1/2-1/2

[Event "Orsha Open A 2018"]
[Site "Orsha"]
[Date "2018.01.31"]
[Round "5.2"]
[White "Apryshko, Gleb"]
[Black "Zhigalko, Sergei"]
[Result "1/2-1/2"]
[WhiteElo "2316"]
[BlackElo "2620"]
[PlyCount "89"]
[EventDate "2018.01.29"]
[EventType "swiss"]
[EventRounds "9"]
[EventCountry "BLR"]

1. e4 c5 2. Nf3 d6 3. Bb5+ Nd7 4. d4 cxd4 5. Qxd4 a6 6. Bxd7+ Bxd7 7. Bg5 h6 8.
Bh4 Qa5+ 9. Nc3 e5 10. Qd3 Rc8 11. Nd2 g5 12. Bg3 Nf6 13. h4 Rg8 14. hxg5 hxg5
15. a3 b5 16. O-O-O Qb6 17. Kb1 a5 18. Nd5 Nxd5 19. exd5 f5 20. Qe2 Kd8 21. f3
b4 22. axb4 Qxb4 23. Nb3 a4 24. Be1 Qb5 25. Qxb5 Bxb5 26. Na5 Kc7 27. c4 Bd7
28. c5 dxc5 29. Nc4 Bg7 30. Ba5+ Kb8 31. Bc3 e4 32. Nb6 Rc7 33. Rh7 Bxc3 34.
Nxd7+ Kc8 35. Nb6+ Kb7 36. Rh6 Bd4 37. fxe4 fxe4 38. Nc4 Rd8 39. Nd6+ Kb8 40.
Nb5 Rb7 41. Nxd4 cxd4 42. Rxd4 a3 43. b4 Re7 44. Re6 Rxd5 45. Rexe4 1/2-1/2

[Event "Orsha Open A 2018"]
[Site "Orsha"]
[Date "2018.01.31"]
[Round "5.3"]
[White "Malakhatko, Vadim"]
[Black "Yezhel, Valiantsin"]
[Result "1-0"]
[WhiteElo "2541"]
[BlackElo "2199"]
[PlyCount "135"]
[EventDate "2018.01.29"]
[EventType "swiss"]
[EventRounds "9"]
[EventCountry "BLR"]

1. d4 f5 2. Nc3 d5 3. Bf4 Nf6 4. e3 e6 5. Nf3 Bd6 6. Bd3 O-O 7. O-O Nc6 8. Ne2
Qe7 9. c4 dxc4 10. Bxc4 Kh8 11. Rc1 Bd7 12. Qc2 e5 13. dxe5 Nxe5 14. Nxe5 Bxe5
15. Rfd1 Rad8 16. h3 c5 17. Bd3 b6 18. Bg5 Qf7 19. f4 Bc7 20. Nc3 Qe6 21. Qe2
Bc6 22. Bc4 Rxd1+ 23. Rxd1 Qe8 24. Nb5 Qb8 25. Bxf6 Rxf6 26. Nxc7 Qxc7 27. Qd3
h5 28. Qe2 g6 29. Qd3 Kg7 30. b3 Qe7 31. a4 h4 32. Kf2 Rf8 33. Qc3+ Kh7 34. Qe5
Re8 35. Qxe7+ Rxe7 36. Rd6 Rc7 37. g3 hxg3+ 38. Kxg3 Be8 39. Rd8 Bf7 40. Kf3
Bxc4 41. bxc4 Re7 42. Ke2 Kg7 43. Kd3 Kf6 44. Rd6+ Re6 45. Rxe6+ Kxe6 46. e4
fxe4+ 47. Kxe4 a6 48. Ke3 Kf6 49. Kf3 Kf5 50. Ke3 Kf6 51. Kf2 Ke6 52. Kg3 Kf5
53. Kf3 Ke6 54. Kg4 Kf6 55. h4 a5 56. Kg3 Ke6 57. Kf2 Ke7 58. f5 gxf5 59. Kf3
Kf6 60. Kf4 Kg6 61. h5+ Kxh5 62. Kxf5 Kh4 63. Ke4 Kg4 64. Kd5 Kf4 65. Kc6 Ke4
66. Kxb6 Kd4 67. Kb5 Kc3 68. Kxc5 1-0